000 00681nam a2200289Ia 4500
005 20260324134739.0
008 008 260324s9999 xx 000 0 eng d
020 _a9781315069067
037 _aEBOOK
040 _aCRL
040 _beng
040 _cCRL
041 _2eng
041 _aeng
084 _qCRL
100 _aPaul Pagliano
_91197998
245 0 _aUsing a Multisensory Environment
245 2 _bA Practical Guide for Teachers
260 _bTaylor and Francis
260 _c2001
365 _a
365 _b205
856 _uhttp://www.taylorfrancis.com/books/9781315069067
942 _cEBOOK
999 _c1798393
_d1798393